حديث البطل الزعيم جمال عبد الناصر إلى الأمة. (Record no. 7422)
[ view plain ]
| 000 -الفاتح | |
|---|---|
| حقل البيانات ثابتة الطول | 01238nac a22002651i 4500 |
| 003 - محدد رقم الضبط | |
| رقم الضبط | EG-ScBUE |
| 005 - وقت وتاريخ اخر تعامل مع التسجيلة | |
| رقم الضبط | 20240715110207.0 |
| 008 - عناصر البيانات ثابتة الطول - معلومات عامة | |
| حقل البيانات ثابتة الطول | 120827q19uu ua f 000 0aara d |
| 040 ## - مصدر الفهرسة | |
| وكالة الفهرسة الأصلية | EG-ScBUE |
| لغة الفهرسة | ara |
| قواعد الوصف | rda |
| وكالة النسخ | EG-ScBUE |
| وكالة التعديل | EG-ScBUE |
| 043 ## - رمز المنطقة الجغرافية | |
| رمز المنطقة الجغرافية | f-ua--- |
| 082 04 - رقم تصنيف ديوى العشرى | |
| رقم التصنيف | 962.053 |
| رقم المادة | ع ب د |
| رقم الطبعة | 22 |
| 100 1# - المدخل الرئيسى - إسم شخصى | |
| الإسم الشخصى | عبد الناصر، جمال، |
| التواريخ المصاحبة للاسم | 1918-1970، |
| الدور | مؤلف. |
| 9 (RLIN) | 21925 |
| 245 10 - بيان العنوان | |
| العنوان | حديث البطل الزعيم جمال عبد الناصر إلى الأمة. |
| 264 #1 - النشر، التوزيع | |
| مكان الناشر او الموزع | القاهرة : |
| اسم الناشر او الموزع | مؤسسة دار التحرير للطبع والنشر، |
| تاريخ النشر أو التوزيع | [19--؟] |
| 300 ## - الوصف المادى | |
| التعداد | 5 أجزاء في 3 مجلدات ؛ |
| أبعاد الوعاء | 30 سم. |
| 336 ## - نوع المحتوى | |
| source | rdacontent |
| Carrier Type Term | نص |
| Content Type Code | txt |
| 337 ## - نوع الوسيط | |
| Media Type Term | بدون وسيط |
| source | rdamedia |
| Media Type Code | n |
| 338 ## - نوع الحامل أو الناقل | |
| Carrier Type Term | مجلد |
| Carrier Type Code | nc |
| source | rdacarrier |
| 490 0# - بيان السلسلة | |
| عنوان السلسلة | كتاب التحرير ؛ |
| رقم المجلد/ التعيين التسلسلي | العدد 1 |
| 505 0# - تبصرة محتويات-الفهرس | |
| تبصرة المحتويات المصاغة | الجزء الأول. 1952-1954 -- الجزء الثاني. 1955-1957 -- الجزء الثالث. 1958-1960 -- الجزء الرابع. 1961-1963 -- الجزء الخامس. 1964-1966. |
| 600 17 - المدخل الاضافى بالموضوع-اسم شخصى | |
| الإسم الشخصى | عبد الناصر، جمال، |
| التواريخ المصاحبة للاسم | 1918-1970. |
| مصدر الرأس أو المصطلح | BUEsh |
| 651 #7 - المدخل الاضافى بالموضوع - اسم جغرافى | |
| مصدر الرأس أو المصطلح | BUEsh |
| الاسم الجغرافي | مصر |
| التقسيم الفرعي العام | تاريخ |
| التقسيم الفرعي الزمني | العصر الحديث |
| -- | جمال عبد الناصر (1954-1970). |
| 655 ## - مصطلح تكشيفى-نوع/شكل | |
| التقسيم الفرعي الشكلي | Reading book |
| 942 ## - عناصر المدخل الإضافي( كوها) | |
| Koha [default] item type | Book - Borrowing |
| مصدر التصنيف او مخطط الترفيف | Dewey Decimal Classification |
| حالة التراجع | حالة الفقد | مصدر التصنيف او خطة الترفيف | حالة تلف | ليس للاعارة | مجموعات كوها | المكان الدائم | المكان الحالي | موقع الترفيف | تاريخ الاكتساب | Source of acquisition | رقم الاستدعاء | الباركود | Date last seen | نوع الوعاء | تبصرة عامة |
|---|---|---|---|---|---|---|---|---|---|---|---|---|---|---|---|
| Dewey Decimal Classification | Alef-Baa | Central Library | Central Library | Second Floor | 14/11/2007 | Purchase | 962.053 ع ب د | 000006936 | 15/07/2025 | Book - Borrowing | ج. 4، 5 | ||||
| Dewey Decimal Classification | Alef-Baa | Central Library | Central Library | Second Floor | 26/11/2007 | Purchase | 962.053 ع ب د | 000007949 | 15/07/2025 | Book - Borrowing | ج. 3 | ||||
| Dewey Decimal Classification | Alef-Baa | Central Library | Central Library | Second Floor | 23/01/2008 | Purchase | 962.053 ع ب د | 000008879 | 15/07/2025 | Book - Borrowing | ج. 1، 2 |